| 000 | 00515nam a2200181Ia 4500 | ||
|---|---|---|---|
| 003 | OSt | ||
| 005 | 20201222114930.0 | ||
| 008 | 190216s9999||||xx |||||||||||||| ||und|| | ||
| 020 | _a8172042493 | ||
| 040 | _coclc | ||
| 082 |
_a297.03 _bABD/I |
||
| 100 |
_aAbdulla, T K _97762 |
||
| 245 | 0 |
_aIslamika Vijnhana Kosham / _cT K Abdulla |
|
| 260 |
_bIslamic Publishing House, _c1995. _aKozhikode: |
||
| 300 | _a959p | ||
| 650 | _aIslam Matham | ||
| 942 |
_cREF _2ddc _h297.03 _iABD/I _k297.03 _mABD/I |
||
| 999 |
_c36665 _d36665 |
||